[Event "SC Falke Saerbeck 1 - SC Gronau 2"]
[Site "Verbandsklasse 2018/2019"]
[Date "2018.12.08"]
[Round "4.1"]
[White "Kloenne, Tim"]
[Black "Vos, Thomas"]
[Result "0-1"]
[WhiteElo "1826"]
[BlackElo "2064"]
[PlyCount "80"]
[EventDate "2018.??.??"]
[SourceDate "2018.10.06"]

1. c4 Nc6 2. Nc3 e5 3. Nf3 Nf6 4. e3 Bb4 5. Qc2 O-O 6. Nd5 a5 7. a3 Bc5 8. Be2
d6 9. Rb1 e4 10. Ng1 Nxd5 11. cxd5 Qg5 12. g4 Qxd5 13. Nh3 Ne5 14. Nf4 Qc6 15.
Rg1 Bb6 16. Qxc6 bxc6 17. b3 Be6 18. Bb2 Bxb3 19. Bxe5 dxe5 20. Rxb3 exf4 21.
Rc3 f5 22. exf4 fxg4 23. Rxg4 Rf6 24. Bc4+ Kh8 25. Rcg3 g6 26. Rh3 Raf8 27. f5
gxf5 28. Rgh4 h6 29. Rxh6+ Rxh6 30. Rxh6+ Kg7 31. Rh3 Kf6 32. Ke2 Ke5 33. Rh5
Rf6 34. h4 Rg6 35. Kf1 Rg4 36. Rh8 Rf4 37. h5 Rxf2+ 38. Ke1 Rh2 39. h6 Rh1+ 40.
Ke2 f4 0-1

[Event "SC Falke Saerbeck 1 - SC Gronau 2"]
[Site "Verbandsklasse 2018/2019"]
[Date "2018.12.08"]
[Round "4.2"]
[White "Hegemann, Eike"]
[Black "Rothkegel, Juergen"]
[Result "1/2-1/2"]
[WhiteElo "1958"]
[BlackElo "1835"]
[PlyCount "82"]
[EventDate "2018.??.??"]
[SourceDate "2018.10.06"]

1. e4 c5 2. Nf3 d6 3. Bb5+ Bd7 4. Bxd7+ Qxd7 5. O-O Nf6 6. e5 dxe5 7. Nxe5 Qc8
8. Nc3 Nc6 9. Nc4 Nd4 10. d3 e6 11. Bg5 b5 12. Bxf6 bxc4 13. Be5 f6 14. Bg3
cxd3 15. Qxd3 Qc6 16. Rfe1 Kf7 17. Rad1 Be7 18. Qc4 Rad8 19. Ne4 Qd5 20. Qa6
Qc6 21. Qxc6 Nxc6 22. c3 e5 23. f3 Rxd1 24. Rxd1 Rd8 25. Rxd8 Nxd8 26. Bf2 Ne6
27. Kf1 f5 28. Nd2 Nf4 29. a3 Nd3 30. b4 Nxf2 31. Kxf2 Ke6 32. Ke2 Kd5 33. Kd3
c4+ 34. Ke2 h5 35. Nf1 Bg5 36. a4 h4 37. Ne3+ Bxe3 38. Kxe3 g5 39. g3 f4+ 40.
Kf2 h3 41. gxf4 gxf4 1/2-1/2

[Event "SC Falke Saerbeck 1 - SC Gronau 2"]
[Site "Verbandsklasse 2018/2019"]
[Date "2018.12.08"]
[Round "4.3"]
[White "Reinhold, Klaus"]
[Black "Fischer, Andreas"]
[Result "1/2-1/2"]
[WhiteElo "1816"]
[BlackElo "1923"]
[PlyCount "82"]
[EventDate "2018.??.??"]
[SourceDate "2018.10.06"]

1. d4 d5 2. c4 e6 3. Nf3 f5 4. g3 Nf6 5. Bg2 c6 6. Qc2 Be7 7. O-O O-O 8. b3 Ne4
9. Bb2 Nd7 10. Nbd2 Ndf6 11. Ne5 Nxd2 12. Qxd2 Bd7 13. c5 Be8 14. b4 Nd7 15.
Nd3 Bf6 16. a4 Qc7 17. Qf4 Qxf4 18. gxf4 Bh5 19. Rfe1 g5 20. e3 h6 21. b5 Rfc8
22. Ne5 Nxe5 23. fxe5 Bd8 24. Rec1 Be2 25. Bf1 Bxf1 26. Kxf1 a6 27. bxc6 bxc6
28. Bc3 Rab8 29. Rab1 Kf7 30. Ke2 Bc7 31. f3 Kg6 32. Be1 Rxb1 33. Rxb1 Rb8 34.
Rxb8 Bxb8 35. Ba5 h5 36. Bd8 g4 37. Kf2 Kf7 38. Kg3 Ke8 39. Bb6 Kf7 40. f4 Kg6
41. Bd8 Kf7 1/2-1/2

[Event "SC Falke Saerbeck 1 - SC Gronau 2"]
[Site "Verbandsklasse 2018/2019"]
[Date "2018.12.08"]
[Round "4.4"]
[White "Hoge, Reinhard"]
[Black "Sprenger, Franz"]
[Result "1-0"]
[WhiteElo "1902"]
[BlackElo "1685"]
[PlyCount "41"]
[EventDate "2018.??.??"]
[SourceDate "2018.10.06"]

1. c4 e5 2. g3 Bc5 3. Bg2 c6 4. Nc3 Ne7 5. Nf3 d6 6. O-O O-O 7. d4 exd4 8. Nxd4
Nd7 9. b3 Ne5 10. Bb2 a6 11. Ne4 Ba7 12. Kh1 N5g6 13. f4 Bf5 14. Nf2 c5 15.
Nxf5 Nxf5 16. Qd3 Qc8 17. Kg1 Re8 18. Bh3 Nge7 19. e4 g6 20. exf5 Qc7 21. Qc3
1-0

[Event "SC Falke Saerbeck 1 - SC Gronau 2"]
[Site "Verbandsklasse 2018/2019"]
[Date "2018.12.08"]
[Round "4.5"]
[White "Schlueter, Gerhard"]
[Black "Fayazi, Shahriar"]
[Result "0-1"]
[WhiteElo "1658"]
[BlackElo "1870"]
[PlyCount "54"]
[EventDate "2018.??.??"]
[SourceDate "2018.10.06"]

1. e4 d6 2. d4 Nf6 3. Bd3 e5 4. c3 g6 5. Ne2 Bg7 6. O-O O-O 7. h3 Re8 8. Ng3
Nbd7 9. Be3 d5 10. Qc2 dxe4 11. Bxe4 Nxe4 12. Nxe4 exd4 13. Bxd4 Qh4 14. Bxg7
Kxg7 15. Ng3 b6 16. Na3 Bb7 17. Rfe1 Nc5 18. Rxe8 Rxe8 19. Qd2 Ne6 20. Re1 Rd8
21. Qe3 Rd5 22. c4 Rg5 23. Ne4 Bxe4 24. Qxe4 Qxh3 25. g3 Rh5 26. Qg2 Qg4 27. b3
Nd4 0-1

[Event "SC Falke Saerbeck 1 - SC Gronau 2"]
[Site "Verbandsklasse 2018/2019"]
[Date "2018.12.08"]
[Round "4.6"]
[White "Waltermann, Jens"]
[Black "Baer, Klaus"]
[Result "1/2-1/2"]
[WhiteElo "1821"]
[BlackElo "1619"]
[PlyCount "32"]
[EventDate "2018.??.??"]
[SourceDate "2018.10.06"]

1. Nf3 Nf6 2. g3 b6 3. Bg2 Bb7 4. O-O e6 5. d4 Be7 6. c4 O-O 7. Nc3 Ne4 8. Nxe4
Bxe4 9. Bd2 d6 10. Bc3 Nd7 11. Rc1 Nf6 12. Nd2 Bxg2 13. Kxg2 d5 14. f3 c5 15.
e3 Rc8 16. b3 Qd7 1/2-1/2

[Event "SC Falke Saerbeck 1 - SC Gronau 2"]
[Site "Verbandsklasse 2018/2019"]
[Date "2018.12.08"]
[Round "4.7"]
[White "Molnar, Pal"]
[Black "Bartsch, Jan"]
[Result "0-1"]
[WhiteElo "1431"]
[BlackElo "1729"]
[PlyCount "46"]
[EventDate "2018.??.??"]
[SourceDate "2018.10.06"]

1. e4 d5 2. exd5 Qxd5 3. c4 Qe4+ 4. Qe2 Bf5 5. Nc3 Qxe2+ 6. Bxe2 Nc6 7. Nd5
O-O-O 8. Nf3 Nf6 9. Nxf6 gxf6 10. a3 Bh6 11. b4 Rhg8 12. Rg1 e5 13. Bb2 Bg4 14.
O-O-O Bxf3 15. Bxf3 Nd4 16. Bxd4 Rxd4 17. Bd5 Rf8 18. f3 c6 19. Be4 Rfd8 20.
Kb2 Bxd2 21. c5 h6 22. g3 Be3 23. Rxd4 Bxd4+ 0-1

[Event "SC Falke Saerbeck 1 - SC Gronau 2"]
[Site "Verbandsklasse 2018/2019"]
[Date "2018.12.08"]
[Round "4.8"]
[White "Bartsch, Rainer"]
[Black "Gerdes, Joachim"]
[Result "1-0"]
[WhiteElo "1741"]
[BlackElo "1300"]
[PlyCount "57"]
[EventDate "2018.??.??"]
[SourceDate "2018.10.06"]

1. d4 d5 2. Nf3 Nf6 3. e3 Bf5 4. Nbd2 e6 5. a3 Nbd7 6. c4 c6 7. Be2 Be7 8. O-O
h6 9. b3 O-O 10. Bb2 Bh7 11. Rc1 Rc8 12. Ne5 Nxe5 13. dxe5 Nd7 14. Nf3 f6 15.
Nd4 Kf7 16. Bh5+ g6 17. cxd5 cxd5 18. Rxc8 Qxc8 19. exf6 Nxf6 20. Bg4 Nxg4 21.
Qxg4 Bf6 22. Nb5 Qb8 23. Bxf6 Kxf6 24. Qd4+ Kf7 25. Rc1 Kg8 26. Nxa7 g5 27. Qb6
Bf5 28. Rc7 Rf7 29. Rc8+ 1-0

[Event "Südlohner SV 2 - SK Königsspringer Nord"]
[Site "Verbandsklasse 2018/2019"]
[Date "2018.12.08"]
[Round "4.2"]
[White "Sparwel, Oliver"]
[Black "Lerke, Bernd"]
[Result "1/2-1/2"]
[WhiteElo "1901"]
[BlackElo "1843"]
[PlyCount "71"]
[EventDate "2018.??.??"]
[SourceDate "2018.10.06"]

1. d4 Nf6 2. c4 e6 3. Nf3 b6 4. Nc3 Bb7 5. a3 Be7 6. Qc2 c5 7. dxc5 bxc5 8. h3
Nc6 9. Bf4 O-O 10. e3 d6 11. Be2 a6 12. O-O Qc7 13. Rfd1 Rfd8 14. Rab1 Ne5 15.
Bxe5 dxe5 16. Nd2 Rab8 17. Bf3 Ne8 18. Bxb7 Qxb7 19. Nf3 Rxd1+ 20. Rxd1 Qxb2
21. Qxb2 Rxb2 22. Nxe5 Bf6 23. f4 Bxe5 24. fxe5 Kf8 25. Rd8 Ke7 26. Ra8 Rc2 27.
Ne4 Nc7 28. Ra7 Rxc4 29. Rxc7+ Kd8 30. Rxc5 Rxe4 31. Ra5 Rxe3 32. Kf2 Rb3 33.
Rxa6 Rb5 34. Ra8+ Ke7 35. Ra7+ Ke8 36. Ra8+ 1/2-1/2

[Event "Südlohner SV 2 - SK Königsspringer Nord"]
[Site "Verbandsklasse 2018/2019"]
[Date "2018.12.08"]
[Round "4.3"]
[White "Mense, Jens Uwe"]
[Black "Schmeing, Walter"]
[Result "1/2-1/2"]
[WhiteElo "1822"]
[BlackElo "1960"]
[PlyCount "37"]
[EventDate "2018.??.??"]
[SourceDate "2018.10.06"]

1. d4 d5 2. Nc3 Nf6 3. Bg5 Bf5 4. f3 h6 5. Bh4 g5 6. Bf2 c6 7. e3 Nbd7 8. Bd3
Bxd3 9. Qxd3 Qa5 10. Nge2 e6 11. e4 dxe4 12. fxe4 O-O-O 13. O-O e5 14. a3 exd4
15. b4 Qc7 16. Bxd4 Bg7 17. Rf5 Rhg8 18. Raf1 Ng4 19. Qh3 1/2-1/2

[Event "Südlohner SV 2 - SK Königsspringer Nord"]
[Site "Verbandsklasse 2018/2019"]
[Date "2018.12.08"]
[Round "4.4"]
[White "Harbers, Gerard"]
[Black "Holstegge, Ludger"]
[Result "1/2-1/2"]
[WhiteElo "1873"]
[BlackElo "1761"]
[PlyCount "60"]
[EventDate "2018.??.??"]
[SourceDate "2018.10.06"]

1. e4 c5 2. Nf3 Nc6 3. d4 cxd4 4. Nxd4 Nf6 5. Nc3 d6 6. Be2 e6 7. Be3 Be7 8.
Qd2 a6 9. O-O O-O 10. f4 Qc7 11. Nb3 b5 12. a3 Bb7 13. Bf3 Rfd8 14. Rfd1 Rac8
15. Rac1 Nd7 16. Ne2 Nc5 17. Ned4 Qb8 18. Nxc6 Bxc6 19. Nxc5 dxc5 20. Qf2 c4
21. e5 Qb7 22. Bxc6 Qxc6 23. c3 Rd5 24. Rxd5 Qxd5 25. Bd4 a5 26. Qf3 Qxf3 27.
gxf3 Kf8 28. Kf2 g6 29. Rd1 Ke8 30. Ke2 a4 1/2-1/2

[Event "Südlohner SV 2 - SK Königsspringer Nord"]
[Site "Verbandsklasse 2018/2019"]
[Date "2018.12.08"]
[Round "4.5"]
[White "Hols, Bernhard"]
[Black "Richters, Alfred"]
[Result "1/2-1/2"]
[WhiteElo "1768"]
[BlackElo "1839"]
[PlyCount "38"]
[EventDate "2018.??.??"]
[SourceDate "2018.10.06"]

1. d4 e6 2. c4 f5 3. g3 Nf6 4. Bg2 Be7 5. Nc3 O-O 6. Nf3 d6 7. O-O Qe8 8. Rb1
Nbd7 9. b4 Qh5 10. Ne1 e5 11. dxe5 Nxe5 12. f4 Nf7 13. Qc2 Bd8 14. Nd5 Re8 15.
Nf3 c6 16. Nxf6+ Bxf6 17. b5 Bd7 18. Re1 cxb5 19. cxb5 Rac8 1/2-1/2

[Event "Südlohner SV 2 - SK Königsspringer Nord"]
[Site "Verbandsklasse 2018/2019"]
[Date "2018.12.08"]
[Round "4.6"]
[White "Albers, Thomas"]
[Black "Keller, Hansjuergen"]
[Result "1/2-1/2"]
[WhiteElo "1736"]
[BlackElo "1674"]
[PlyCount "58"]
[EventDate "2018.??.??"]
[SourceDate "2018.10.06"]

1. d4 d5 2. Nf3 Nf6 3. Bf4 e6 4. e3 c5 5. c3 Nc6 6. Bd3 Bd6 7. Bxd6 Qxd6 8. O-O
cxd4 9. exd4 O-O 10. Re1 b6 11. Nbd2 Bb7 12. Ne5 Rac8 13. Re3 a6 14. Qe2 b5 15.
Nb3 Qc7 16. Re1 Na5 17. Nc5 Nc4 18. Rh3 g6 19. Qc2 Nxe5 20. Rxe5 Nd7 21. Nxd7
Qxd7 22. Qd2 f6 23. Re1 Rce8 24. Rhe3 Bc8 25. Qe2 Qf7 26. f4 Bd7 27. h4 f5 28.
Rh3 h5 29. Rg3 Kh7 1/2-1/2

[Event "Südlohner SV 2 - SK Königsspringer Nord"]
[Site "Verbandsklasse 2018/2019"]
[Date "2018.12.08"]
[Round "4.7"]
[White "Steens, Rudolf"]
[Black "Boecker, Manfred"]
[Result "1-0"]
[WhiteElo "1779"]
[BlackElo "1846"]
[PlyCount "103"]
[EventDate "2018.??.??"]
[SourceDate "2018.10.06"]

1. e4 c6 2. d3 d5 3. Nd2 e5 4. Ngf3 Nd7 5. d4 exd4 6. exd5 cxd5 7. Nb3 Bb4+ 8.
Bd2 Qe7+ 9. Qe2 Bxd2+ 10. Kxd2 Qxe2+ 11. Bxe2 Ngf6 12. Bd3 O-O 13. Rae1 Nb6 14.
Nbxd4 Na4 15. b3 Nc5 16. Re5 Nce4+ 17. Bxe4 dxe4 18. Ng5 Ng4 19. Re7 Nxf2 20.
Rf1 e3+ 21. Rxe3 Ng4 22. Re7 Nf6 23. c4 a5 24. a4 Ra6 25. Kc3 Rd6 26. Nb5 Rc6
27. Kb2 h6 28. Nf3 Re6 29. Re1 Rxe1 30. Rxe1 Re8 31. Rxe8+ Nxe8 32. Kc3 Kf8 33.
Kd4 Ke7 34. Kc5 g5 35. Kb6 f5 36. Na7 Be6 37. Kxb7 Nd6+ 38. Kb6 Nxc4+ 39. bxc4
Bxc4 40. Nc6+ Kf6 41. Nxa5 Bf1 42. g3 f4 43. Nd2 Be2 44. Nac4 f3 45. a5 f2 46.
Ne3 Ke5 47. a6 Kd4 48. Ndf1 Bf3 49. Kc7 h5 50. a7 h4 51. Kb8 hxg3 52. hxg3 1-0

[Event "Südlohner SV 2 - SK Königsspringer Nord"]
[Site "Verbandsklasse 2018/2019"]
[Date "2018.12.08"]
[Round "4.8"]
[White "Schlattmann, Martin"]
[Black "Schmidt, Ralf"]
[Result "1/2-1/2"]
[WhiteElo "1721"]
[BlackElo "1597"]
[PlyCount "33"]
[EventDate "2018.??.??"]
[SourceDate "2018.10.06"]

1. d4 e6 2. Nf3 f5 3. c3 Nf6 4. Bf4 d6 5. Qc2 g6 6. Nbd2 Bg7 7. e4 Qe7 8. O-O-O
O-O 9. exf5 exf5 10. Bc4+ Kh8 11. Rde1 Qd8 12. Bg5 Bd7 13. h3 b5 14. Be6 Qc8
15. d5 c6 16. Qb3 Na6 17. Bxd7 1/2-1/2

[Event "SC Hiltrup 1 - SV Ibbenbüren 1"]
[Site "Verbandsklasse 2018/2019"]
[Date "2018.12.08"]
[Round "4.1"]
[White "Richter, Juergen"]
[Black "Kammers, Heribert"]
[Result "1/2-1/2"]
[WhiteElo "1900"]
[BlackElo "1993"]
[PlyCount "142"]
[EventDate "2018.??.??"]
[SourceDate "2018.10.06"]

1. c4 Nf6 2. Nc3 e6 3. e4 c5 4. g3 Nc6 5. Bg2 d6 6. Nge2 Be7 7. d4 O-O 8. O-O
a6 9. h3 Qc7 10. Be3 Rd8 11. Qd2 Rb8 12. Rac1 b5 13. cxb5 axb5 14. b3 Ba6 15.
Rfe1 Qd7 16. f4 cxd4 17. Nxd4 Nxd4 18. Qxd4 b4 19. Na4 d5 20. e5 Ne4 21. Bxe4
dxe4 22. Qxd7 Rxd7 23. Nb6 Rd3 24. Na4 h5 25. Kf2 Rd5 26. Rc7 Bd8 27. Rc5 Be7
28. Rxd5 exd5 29. Rc1 Rc8 30. Rxc8+ Bxc8 31. h4 f6 32. Bd4 Kf7 33. Ke3 fxe5 34.
Bxe5 g6 35. Bd4 Ba6 36. Bc5 Bd3 37. Bxe7 Kxe7 38. Nb6 Ke6 39. Kd4 Bb1 40. Nxd5
Bxa2 41. Kxe4 Bxb3 42. Nxb4 Ba4 43. Na6 Bc2+ 44. Ke3 Kf5 45. Nc5 Kg4 46. Kf2
Bf5 47. Nb3 Bc2 48. Nd2 Bd3 49. Nf3 Bb1 50. Ne5+ Kh3 51. Kf3 Bc2 52. Nc4 Bd1+
53. Kf2 Bc2 54. Ne3 Bb1 55. Kf3 Ba2 56. f5 gxf5 57. Nxf5 Bb3 58. Kf4 Bd1 59.
Kg5 Be2 60. Kf4 Bd1 61. Ng7 Be2 62. Ne6 Bd1 63. Ng5+ Kg2 64. Ne4 Bf3 65. Nf6
Bd1 66. Nxh5 Bxh5 67. g4 Bf7 68. h5 Kh3 69. Kf5 Kh4 70. h6 Bb3 71. Kf6 Bc2
1/2-1/2

[Event "SC Hiltrup 1 - SV Ibbenbüren 1"]
[Site "Verbandsklasse 2018/2019"]
[Date "2018.12.08"]
[Round "4.2"]
[White "Junk, Phillip"]
[Black "Kellmann, Dominik"]
[Result "1-0"]
[WhiteElo "1969"]
[BlackElo "1777"]
[PlyCount "53"]
[EventDate "2018.??.??"]
[SourceDate "2018.10.06"]

1. e4 e5 2. Nf3 Nc6 3. Bc4 Bc5 4. c3 Nf6 5. d3 h6 6. O-O Bb6 7. Nbd2 d6 8. Bb3
Bg4 9. h3 Bh5 10. Re1 O-O 11. Nf1 Nd7 12. Ng3 Bg6 13. Nh2 Nc5 14. Bc2 Ne6 15.
Qg4 Qf6 16. Nf3 Rae8 17. Rf1 Nf4 18. Bxf4 exf4 19. Ne2 Ne5 20. Qxf4 Nxf3+ 21.
Qxf3 Qxf3 22. gxf3 Bh5 23. Kg2 Re5 24. Ng3 Rb5 25. b4 Bg6 26. a4 Rg5 27. a5 1-0

[Event "SC Hiltrup 1 - SV Ibbenbüren 1"]
[Site "Verbandsklasse 2018/2019"]
[Date "2018.12.08"]
[Round "4.3"]
[White "Langer, Ralf"]
[Black "Voigt, Stefan"]
[Result "1/2-1/2"]
[WhiteElo "1734"]
[BlackElo "1764"]
[PlyCount "35"]
[EventDate "2018.??.??"]
[SourceDate "2018.10.06"]

1. d4 d5 2. Nf3 Nf6 3. Bf4 c5 4. e3 Nc6 5. c3 Bf5 6. Bd3 Bxd3 7. Qxd3 e6 8.
Nbd2 Bd6 9. Bg3 O-O 10. O-O Bxg3 11. hxg3 Qd6 12. Rfe1 cxd4 13. exd4 Rfb8 14.
Ne5 b5 15. b4 a5 16. a3 a4 17. f4 Ra7 18. g4 1/2-1/2

[Event "SC Hiltrup 1 - SV Ibbenbüren 1"]
[Site "Verbandsklasse 2018/2019"]
[Date "2018.12.08"]
[Round "4.4"]
[White "Junk, Andreas"]
[Black "Wolf, Sergej"]
[Result "1-0"]
[WhiteElo "1748"]
[BlackElo "1734"]
[PlyCount "135"]
[EventDate "2018.??.??"]
[SourceDate "2018.10.06"]

1. e4 c5 2. Nc3 d6 3. f4 e6 4. Nf3 Nc6 5. Bb5 a6 6. Bxc6+ bxc6 7. d3 Nf6 8. O-O
Be7 9. Qe1 O-O 10. b3 d5 11. e5 Ne8 12. Na4 d4 13. Ba3 Nc7 14. Bxc5 Bxc5 15.
Nxc5 Qd5 16. Ne4 Ne8 17. Qb4 f5 18. Nc5 Nc7 19. Qxd4 Rd8 20. Qxd5 Rxd5 21. Na4
Rb8 22. Rad1 a5 23. Rf2 h6 24. Rfd2 Na6 25. c4 Rd7 26. d4 Rb4 27. Nc5 Rd8 28.
Kf2 Kf7 29. Rd3 Ke7 30. R3d2 Rg8 31. h4 Rd8 32. g3 Rb8 33. Na4 Nb4 34. Ke3 Bd7
35. Nc5 Bc8 36. Ne1 Na6 37. Ned3 Nb4 38. Na4 Na6 39. Ndc5 Nb4 40. Nc3 Na6 41.
Nxa6 Bxa6 42. d5 cxd5 43. cxd5 Rdc8 44. d6+ Kd7 45. Na4 Bb5 46. Rd4 Rc2 47.
R1d2 Rc1 48. Kf2 Rf1+ 49. Kg2 Rc1 50. Nb2 Rbc8 51. Nc4 Bxc4 52. Rxc4 R8xc4 53.
bxc4 Rxc4 54. Rb2 Ra4 55. Rc2 g6 56. h5 gxh5 57. Kh3 Ra3 58. Kh4 a4 59. Rg2 Rc3
60. Rb2 Kc8 61. Rb4 Ra3 62. Rc4+ Kd8 63. Kxh5 Rxa2 64. Kg6 Ra3 65. Kf6 Rxg3 66.
Rxa4 h5 67. Kxe6 Rg6+ 68. Kxf5 1-0

[Event "SC Hiltrup 1 - SV Ibbenbüren 1"]
[Site "Verbandsklasse 2018/2019"]
[Date "2018.12.08"]
[Round "4.5"]
[White "Werremeyer, Achim"]
[Black "Haves, Daniel"]
[Result "1/2-1/2"]
[WhiteElo "1702"]
[BlackElo "1618"]
[PlyCount "73"]
[EventDate "2018.??.??"]
[SourceDate "2018.10.06"]

1. Nf3 d6 2. d4 Nd7 3. e4 e5 4. Nc3 Ngf6 5. Bg5 Be7 6. Be2 O-O 7. O-O c6 8. a4
b6 9. Re1 Rb8 10. Bf1 a6 11. b3 b5 12. axb5 axb5 13. Bxf6 Bxf6 14. d5 b4 15.
dxc6 bxc3 16. cxd7 Qxd7 17. Bc4 Qc7 18. Qd3 Be6 19. Bd5 Bxd5 20. Qxd5 h6 21.
Red1 Be7 22. Ra4 Rfc8 23. Rda1 Qc5 24. Ra5 Qxd5 25. Rxd5 Rb4 26. Re1 Ra8 27.
Rd3 Rc8 28. Kf1 Rc6 29. Ree3 Rxb3 30. cxb3 c2 31. Rc3 c1=Q+ 32. Rxc1 Rxc1+ 33.
Re1 Rc7 34. Rb1 Rb7 35. b4 f6 36. b5 Kf7 37. Ke2 1/2-1/2

[Event "SC Hiltrup 1 - SV Ibbenbüren 1"]
[Site "Verbandsklasse 2018/2019"]
[Date "2018.12.08"]
[Round "4.6"]
[White "Buchholz, Christian"]
[Black "Jonas, Robert"]
[Result "1/2-1/2"]
[WhiteElo "1612"]
[BlackElo "1672"]
[PlyCount "105"]
[EventDate "2018.??.??"]
[SourceDate "2018.10.06"]

1. e4 e5 2. Nf3 Nc6 3. d4 exd4 4. Nxd4 Bc5 5. Be3 Qf6 6. c3 Nge7 7. Be2 Nxd4 8.
Bxd4 Bxd4 9. Qxd4 Qg6 10. g4 Nc6 11. Qe3 d6 12. Nd2 Bd7 13. O-O-O f6 14. h4
O-O-O 15. f3 Qf7 16. Bc4 Be6 17. Bxe6+ Qxe6 18. Kb1 d5 19. Rhe1 Rhe8 20. Nb3
dxe4 21. Rxd8+ Rxd8 22. Nc5 Qd5 23. Nxe4 Qd3+ 24. Kc1 Ne5 25. f4 Qxe3+ 26. Rxe3
Nd3+ 27. Kc2 Nxf4 28. Nc5 b6 29. Rf3 g5 30. hxg5 fxg5 31. Ne4 h6 32. Rf2 Re8
33. Ng3 Re3 34. Nf5 Rh3 35. Kd2 h5 36. gxh5 Rxh5 37. Ng3 Rh3 38. Ne4 Ne6 39.
Rg2 Rh8 40. a3 a5 41. b4 axb4 42. axb4 Kb7 43. Rg3 Rg8 44. Ke3 b5 45. Nd2 c5
46. bxc5 Nxc5 47. Nf3 Re8+ 48. Kd4 Nb3+ 49. Kd3 Nc5+ 50. Kd4 Ne4 51. Rg4 Nxc3
52. Kxc3 Re3+ 53. Kb4 1/2-1/2

[Event "SC Hiltrup 1 - SV Ibbenbüren 1"]
[Site "Verbandsklasse 2018/2019"]
[Date "2018.12.08"]
[Round "4.7"]
[White "Sivakumaran, Methunraj"]
[Black "Jeromin, Rudolf Gustav"]
[Result "1-0"]
[WhiteElo "1551"]
[BlackElo "1672"]
[PlyCount "80"]
[EventDate "2018.??.??"]
[SourceDate "2018.10.06"]

1. d4 d5 2. c4 e6 3. Nf3 Nd7 4. Nc3 Ngf6 5. Bf4 c6 6. e3 h6 7. h3 Bb4 8. Qb3
Ba5 9. Bd3 dxc4 10. Bxc4 Nb6 11. Bd3 Nbd5 12. Be5 Nxc3 13. bxc3 Nd5 14. O-O
Bxc3 15. Rac1 Ba5 16. Bxg7 Rg8 17. Bxh6 f5 18. Bf4 Bc7 19. Bxc7 Qxc7 20. Ne5
Qg7 21. g4 Qh6 22. Kg2 f4 23. e4 f3+ 24. Kxf3 Qxh3+ 25. Ke2 Nf4+ 26. Kd2 Qh7
27. Rh1 Qc7 28. f3 Bd7 29. Rh7 O-O-O 30. Rch1 Qa5+ 31. Ke3 Ng2+ 32. Ke2 Nf4+
33. Kd1 c5 34. Rxd7 Rxd7 35. Nxd7 Nxd3 36. Qxd3 Qa4+ 37. Kc1 c4 38. Nc5 Qxa2
39. Qb1 Qa3+ 40. Qb2 Qe3+ 1-0

[Event "SF Beelen 2 - SC Klein-Berlin Rheine 2"]
[Site "Verbandsklasse 2018/2019"]
[Date "2018.12.08"]
[Round "4.1"]
[White "Ratert, Matthias"]
[Black "Fuisting, Dominik"]
[Result "1/2-1/2"]
[WhiteElo "1878"]
[BlackElo "1816"]
[PlyCount "54"]
[EventDate "2018.??.??"]
[SourceDate "2018.10.06"]

1. e4 c6 2. d4 d5 3. exd5 cxd5 4. Bd3 Nc6 5. c3 Nf6 6. Bf4 a6 7. h3 e6 8. Ne2
Bd6 9. Bc2 Bxf4 10. Nxf4 Qd6 11. Nd3 Ne4 12. Nd2 Nxd2 13. Qxd2 h6 14. f4 Bd7
15. Ne5 Nxe5 16. fxe5 Qe7 17. h4 Bb5 18. O-O-O Bc4 19. Kb1 Qc7 20. b3 Bb5 21.
g4 O-O-O 22. Kb2 Kb8 23. Rdg1 f6 24. Re1 Bd7 25. Rhf1 Rdg8 26. Qg2 Qd8 27. Qg3
Ka8 1/2-1/2

[Event "SF Beelen 2 - SC Klein-Berlin Rheine 2"]
[Site "Verbandsklasse 2018/2019"]
[Date "2018.12.08"]
[Round "4.2"]
[White "Waeltermann, Thomas"]
[Black "Hauk, Viktoria"]
[Result "0-1"]
[WhiteElo "1747"]
[BlackElo "1862"]
[PlyCount "64"]
[EventDate "2018.??.??"]
[SourceDate "2018.10.06"]

1. e4 c5 2. Nf3 d6 3. c3 Nf6 4. Qc2 Nc6 5. d4 g6 6. d5 Nb8 7. Bb5+ Nbd7 8. c4
a6 9. Ba4 Rb8 10. Nc3 Bg7 11. a3 O-O 12. Rb1 Nb6 13. Bb3 Bg4 14. Qe2 Nbd7 15.
Ba4 Nb6 16. Bb3 Nbd7 17. Ba4 Ne5 18. h3 Bh5 19. Bf4 Nxf3+ 20. gxf3 Nd7 21. Bxd7
Qxd7 22. Qd3 b5 23. cxb5 axb5 24. Ne2 Qa7 25. O-O c4 26. Qe3 Qxe3 27. fxe3 b4
28. Ng3 bxa3 29. Nxh5 Bxb2 30. Ng3 a2 31. Rbd1 Ra8 32. Ra1 Rfb8 0-1

[Event "SF Beelen 2 - SC Klein-Berlin Rheine 2"]
[Site "Verbandsklasse 2018/2019"]
[Date "2018.12.08"]
[Round "4.3"]
[White "Van Dijk, Guido"]
[Black "Hanewinkel, Christian"]
[Result "0-1"]
[WhiteElo "1769"]
[BlackElo "1702"]
[PlyCount "74"]
[EventDate "2018.??.??"]
[SourceDate "2018.10.06"]

1. e4 c5 2. Nf3 d6 3. c3 Nf6 4. Bd3 Nc6 5. Bc2 g6 6. h3 Bg7 7. d4 cxd4 8. cxd4
O-O 9. O-O d5 10. e5 Ne8 11. Nc3 Nc7 12. a3 b5 13. b4 a5 14. bxa5 Nxa5 15. a4
Nc4 16. Nd2 Nxe5 17. Rb1 b4 18. Na2 Nc6 19. Nf3 Rb8 20. Bf4 Rb6 21. Nc1 Ne6 22.
Be3 Na5 23. Nb3 Nc4 24. Bd3 Na3 25. Rc1 Ba6 26. a5 Bxd3 27. Qxd3 Rb5 28. Nfd2
Qd6 29. Ra1 Qa6 30. Nb1 Rxa5 31. Qd2 Ra4 32. Nxa3 bxa3 33. Ra2 Qc4 34. Nc5 Nxc5
35. dxc5 Bc3 36. Qc2 d4 37. Bc1 d3 0-1

[Event "SF Beelen 2 - SC Klein-Berlin Rheine 2"]
[Site "Verbandsklasse 2018/2019"]
[Date "2018.12.08"]
[Round "4.4"]
[White "Beckmann, Frank"]
[Black "Brinkmann, Franz Josef"]
[Result "1/2-1/2"]
[WhiteElo "1746"]
[BlackElo "1754"]
[PlyCount "83"]
[EventDate "2018.??.??"]
[SourceDate "2018.10.06"]

1. d4 d5 2. Nf3 Nf6 3. Bf4 c5 4. c3 e6 5. e3 c4 6. Nbd2 Nc6 7. Qc2 Bd6 8. Bg3
b5 9. e4 dxe4 10. Nxe4 Bxg3 11. Nxg3 Bb7 12. Be2 h6 13. O-O O-O 14. Nd2 Ne7 15.
Bf3 Bxf3 16. Nxf3 Ned5 17. Ne5 Nd7 18. Nxd7 Qxd7 19. Qe4 Nf6 20. Qf3 Rad8 21.
Ne4 Nxe4 22. Qxe4 Qd5 23. Rfe1 a5 24. Rad1 Qxe4 25. Rxe4 Rd5 26. Kf1 Rfd8 27.
a3 e5 28. Ke2 f6 29. Rd2 Kf7 30. Ke3 g5 31. g3 h5 32. f4 exf4+ 33. gxf4 g4 34.
Rg2 Kg6 35. h4 Kf5 36. Re2 R5d7 37. Kf2 Rd6 38. Kg3 R6d7 39. Re6 Rd6 40. Re7
R6d7 41. R7e6 Rd6 42. Re7 1/2-1/2

[Event "SF Beelen 2 - SC Klein-Berlin Rheine 2"]
[Site "Verbandsklasse 2018/2019"]
[Date "2018.12.08"]
[Round "4.5"]
[White "Miethe, Christoph"]
[Black "Hofene, Markus"]
[Result "1-0"]
[WhiteElo "1747"]
[BlackElo "1669"]
[PlyCount "153"]
[EventDate "2018.??.??"]
[SourceDate "2018.10.06"]

1. e4 d5 2. exd5 Nf6 3. Nf3 Nxd5 4. d4 c6 5. Nc3 Nd7 6. Nxd5 cxd5 7. Bd3 Qb6 8.
c3 e6 9. O-O Nf6 10. Qe2 Bd7 11. Ne5 Bd6 12. Nxd7 Nxd7 13. Be3 O-O 14. b3 Qc7
15. Qc2 f5 16. f4 Nf6 17. Qd2 Ng4 18. h3 Nf6 19. c4 Ne4 20. Bxe4 fxe4 21. c5
Be7 22. Rac1 a5 23. Qe2 Rf6 24. a3 b6 25. b4 axb4 26. axb4 bxc5 27. bxc5 Rff8
28. Ra1 Qc6 29. Rxa8 Rxa8 30. Rb1 Bf6 31. Rb6 Qa4 32. Qb2 Qa1+ 33. Qxa1 Rxa1+
34. Kh2 Kf7 35. Rb4 Ra3 36. Bg1 Rc3 37. g3 Rc2+ 38. Kh1 Rd2 39. Ra4 Rd3 40. Kg2
e3 41. c6 Ke7 42. Ra7+ Kd8 43. c7+ Kc8 44. Ra6 Bxd4 45. Rxe6 Rd2+ 46. Kf3 Rd3
47. Bxe3 Bf6 48. Ke2 Rc3 49. Bb6 Kd7 50. Re3 Rc6 51. Rb3 Be7 52. Rb5 Bd6 53.
Bd4 Rxc7 54. Rxd5 Ke6 55. Rxd6+ Kxd6 56. Be5+ Kd7 57. Bxc7 Kxc7 58. Kd3 Kd7 59.
Ke4 Ke6 60. g4 g6 61. h4 Kf6 62. f5 gxf5+ 63. gxf5 Kf7 64. Kf4 Kf6 65. Kg4 h6
66. Kf4 Kf7 67. Ke5 Ke7 68. f6+ Kf7 69. Kf5 h5 70. Kg5 Kf8 71. Kxh5 Kf7 72. Kg5
Kf8 73. Kg6 Kg8 74. h5 Kf8 75. h6 Kg8 76. f7+ Kf8 77. h7 1-0